|
|
|
|
| LEADER |
00000nam a22000007a 4500 |
| 005 |
20120706144540.0 |
| 007 |
cr|||| |||| |
| 008 |
120706s2009 pe |||||s|||| 00||0 spa d |
| 020 |
|
|
|a 978-9972-42-902-6
|
| 035 |
|
|
|a 6559
|
| 040 |
|
|
|a vLex
|
| 090 |
|
|
|c 3276
|d 3276
|
| 100 |
1 |
|
|a Toyama Miyagusuku, Jorge
|
| 245 |
1 |
0 |
|a Derechos laborales ante empleadores ideolg̤icos
|h [Recurso electrn̤ico] /
|c Jorge Toyama Miyagusuku
|
| 256 |
|
|
|a Servicio en ln̕ea
|
| 260 |
|
|
|a Lima :
|b Pontificia Universidad Catolica del Peru,
|c 2009
|
| 300 |
|
|
|a 1 recurso elecrn̤ico
|
| 506 |
1 |
|
|a Contenido solo disponible en los productos indicados
|d vLex Global
|d vLex Global (Academic Edition, excluding Law Schools)
|d vLex Global (U.S. Academic Edition, Law Schools)
|d vLex Global (U.S. Academic Edition, excluding Law Schools)
|d vLex Global (Academic Edition, Law Schools)
|
| 650 |
0 |
4 |
|a Derechos laborales
|z Per︢
|
| 740 |
0 |
|
|a vLex Libros (Servicio en ln̕ea)
|
| 856 |
4 |
0 |
|u http://vlex.com/source/derechos-laborales-empleadores-ideologicos-6559
|z Acceso restringido
|
| 942 |
|
|
|c BOOK
|
| 999 |
0 |
|
|a Labor laws and legislation
|